000 00263nam a22001217a 4500
008 170621b xxu||||| |||| 00| 0 eng d
041 _aeng
080 _a32
100 _a20
101 _aSHP
245 _aDIPLOMATISCHEN AKADEMIE
_cJAHBRUCH.C
942 _2udc
_cBK
999 _c18489
_d18489